| 000 | 01002nam a22003137a 4500 | ||
|---|---|---|---|
| 001 | 0039104 | ||
| 003 | KOHA_MİRAKIL | ||
| 005 | 20260207003119.0 | ||
| 007 | ta | ||
| 008 | 121224b1969 tu a|||gr||||#||||0|tur | | ||
| 040 |
_aTR-BiSEU _btur _cTR-BiSEU _erda |
||
| 041 | 0 | _atur | |
| 044 | _ctu | ||
| 050 |
_aTH7124 _b.R54 1969 |
||
| 100 | 1 | _aRietschel, Hermann Imanuel. | |
| 245 | 1 |
_aIsıtma ve havalandırma tekniği : _bIsıtma ve havalandırma tesisleri hesabı/ _cHermann Imanuel Rietschel ; H. Rietschel, W. Raiss, F. Roedler ; çeviren Uğur Köktürk. |
|
| 264 | 1 |
_aİstanbul : _bArı Kitabevi _c1969 |
|
| 300 |
_ac. <2> : _bgraf., tabl. |
||
| 336 |
_ametin _btxt _2rdacontent |
||
| 337 |
_aaracısız _bn _2rdamedia |
||
| 338 |
_acilt _bnc _2rdacarrier |
||
| 650 | 0 |
_aHeating. _952128 |
|
| 650 | 0 |
_aVentilation. _952126 |
|
| 650 | 0 |
_aAir conditioning. _948781 |
|
| 650 | 0 |
_aIsıtma. _95133 |
|
| 650 | 0 |
_aHavalandırma. _95134 |
|
| 650 | 0 |
_aHava düzenleme. _952275 |
|
| 942 |
_2lcc _cBK |
||
| 999 |
_c38982 _d38982 |
||